000 00341nam a22001337a 4500
020 _a9783540882572
082 _a621.312 136 SAT/AD
100 _aSathyajith Mathew
100 _aGeeta SusanPhilip
245 _aAdvances in Wind Energy Conservation Technology
260 _aHeidelberg
_bSpringer-Verlag
_c2011
300 _a216
942 _cBK
999 _c13872
_d13872